| 000 | 00891nam a2200253 a 4500 | ||
|---|---|---|---|
| 001 | BRL_1390 | ||
| 005 | 20190320211200.0 | ||
| 008 | 031215s19uu----gt-aob####---#000-0#spa-# | ||
| 041 |
_aspa _heng |
||
| 050 | 4 |
_aF1476 _b.A44 1900 |
|
| 245 | 1 | 0 |
_aAlgo de los ixiles _cEl Dzunun ; fotografía en color Arturo Paz ; fotografía en blanco y negro David Ordoñez ; dibujos David Ordoñez. |
| 260 |
_a[Guatemala] _bLitorama _c[19--] |
||
| 300 |
_a54 p. _bil., fotografías, mapas _c22 cm. |
||
| 500 | _aAu1640 | ||
| 500 | _aTexto en: español e inglés | ||
| 504 | _aBibliografía: p. 54 | ||
| 650 | 1 | 4 |
_aIxiles _xIndumentaria _926748 |
| 650 | 1 | 4 |
_aIndígenas de América Central _xVida social y costumbres _zQuiché (Guatemala) _926749 |
| 651 | 4 |
_aQuiché (Guatemala) _926750 |
|
| 700 | 1 |
_aPaz, Arturo _eil. _926751 |
|
| 700 | 1 |
_aOrdoñez, David _eil. _926752 |
|
| 902 | _aGRL | ||
| 942 |
_2lcc _cB |
||
| 999 |
_c10201 _d10201 |
||